<?xml version="1.0" encoding="UTF-8"?>
<record
    xmlns:xsi="http://www.w3.org/2001/XMLSchema-instance"
    xsi:schemaLocation="http://www.loc.gov/MARC21/slim http://www.loc.gov/standards/marcxml/schema/MARC21slim.xsd"
    xmlns="http://www.loc.gov/MARC21/slim">

  <leader>00973cam a22002654a 4500</leader>
  <controlfield tag="001">77963</controlfield>
  <controlfield tag="003">BD-RjUL</controlfield>
  <controlfield tag="005">20211209083055.0</controlfield>
  <controlfield tag="008">210223s20041325ua ab    b    000 0 ara  </controlfield>
  <datafield tag="020" ind1=" " ind2=" ">
    <subfield code="z">977382149</subfield>
  </datafield>
  <datafield tag="035" ind1=" " ind2=" ">
    <subfield code="a">(BD-RjUL) 78189</subfield>
  </datafield>
  <datafield tag="040" ind1=" " ind2=" ">
    <subfield code="a">DLC-R</subfield>
    <subfield code="c">DLC-R</subfield>
    <subfield code="d">DLC</subfield>
    <subfield code="b">eng</subfield>
  </datafield>
  <datafield tag="041" ind1=" " ind2=" ">
    <subfield code="a">ARA</subfield>
  </datafield>
  <datafield tag="082" ind1=" " ind2=" ">
    <subfield code="2">23</subfield>
    <subfield code="a">956.1015</subfield>
    <subfield code="b">HAD 2004</subfield>
  </datafield>
  <datafield tag="100" ind1="1" ind2=" ">
    <subfield code="a"> &#x62D;&#x644;&#x64A;&#x645;,  &#x627;&#x628;&#x631;&#x627;&#x647;&#x64A;&#x645; &#x628;&#x643;  ;; Halim, Ibrahim Bey </subfield>
    <subfield code="9">245100</subfield>
  </datafield>
  <datafield tag="245" ind1="1" ind2="0">
    <subfield code="a">&#x62A;&#x627;&#x631;&#x64A;&#x62E; &#x627;&#x644;&#x62F;&#x648;&#x644;&#x629; &#x627;&#x644;&#x639;&#x62B;&#x645;&#x627;&#x646;&#x64A;&#x629; &#x627;&#x644;&#x639;&#x644;&#x645;&#x64A;&#x629;  ;; T&#x101;r&#x12B;kh al-Dawlah al-&#x2BB;Uthm&#x101;n&#x12B;yah Al alamia /</subfield>
    <subfield code="c"> &#x627;&#x628;&#x631;&#x627;&#x647;&#x64A;&#x645; &#x628;&#x643; &#x62D;&#x644;&#x64A;&#x645; ;; Ibrahim Bay halim</subfield>
  </datafield>
  <datafield tag="250" ind1=" " ind2=" ">
    <subfield code="a">al-&#x1E6C;ab&#x2BB;ah 1</subfield>
  </datafield>
  <datafield tag="250" ind1=" " ind2=" ">
    <subfield code="a">&#x637;&#x628;&#x639;&#x629; &#x645;&#x632;&#x64A;&#x62F;&#x629; &#x648;&#x645;&#x646;&#x642;&#x62D;&#x629;</subfield>
  </datafield>
  <datafield tag="250" ind1=" " ind2=" ">
    <subfield code="a">&#x637;&#x628;&#x639;&#x629; &#x645;&#x624;&#x633;&#x633;&#x629; &#x627;&#x644;&#x645;&#x62E;&#x62A;&#x627;&#x631;</subfield>
  </datafield>
  <datafield tag="260" ind1=" " ind2=" ">
    <subfield code="a">al-Q&#x101;hirah :</subfield>
    <subfield code="b">muassat al Mukhtar&#x2BB;,</subfield>
    <subfield code="c">2004.</subfield>
  </datafield>
  <datafield tag="300" ind1=" " ind2=" ">
    <subfield code="a">384 p. :</subfield>
    <subfield code="b">ill., maps ;</subfield>
    <subfield code="c">24 cm.</subfield>
  </datafield>
  <datafield tag="504" ind1=" " ind2=" ">
    <subfield code="a">Includes bibliographical references </subfield>
  </datafield>
  <datafield tag="651" ind1=" " ind2="0">
    <subfield code="a">Turkey</subfield>
    <subfield code="x">History</subfield>
    <subfield code="y">Ottoman Empire, 1288-1918.</subfield>
    <subfield code="9">245101</subfield>
  </datafield>
  <datafield tag="942" ind1=" " ind2=" ">
    <subfield code="2">ddc</subfield>
    <subfield code="c">BK</subfield>
  </datafield>
  <datafield tag="999" ind1=" " ind2=" ">
    <subfield code="c">77963</subfield>
    <subfield code="d">77963</subfield>
  </datafield>
  <datafield tag="952" ind1=" " ind2=" ">
    <subfield code="0">0</subfield>
    <subfield code="1">0</subfield>
    <subfield code="2">ddc</subfield>
    <subfield code="4">0</subfield>
    <subfield code="7">1</subfield>
    <subfield code="8">NFIC</subfield>
    <subfield code="a">RUCL</subfield>
    <subfield code="b">RUCL</subfield>
    <subfield code="c">Reading</subfield>
    <subfield code="d">2009-11-18</subfield>
    <subfield code="e">Ahsania mission ,  Dhaka</subfield>
    <subfield code="g">500.00</subfield>
    <subfield code="l">0</subfield>
    <subfield code="o">A 956.1015 HAD 2004</subfield>
    <subfield code="r">2021-02-23 00:00:00</subfield>
    <subfield code="t">C-1</subfield>
    <subfield code="w">2021-02-23</subfield>
    <subfield code="y">BK</subfield>
  </datafield>
</record>
